000 00526nam a2200181 i 4500
001 29710
003 ES-MaACL
005 20250920063031.0
007 t|
008 030122s1899 fr ||||1| fre d
100 1 _aBarrès, Maurice,
_d1862-1923
_925947
245 1 3 _aUn amateur d'ames /
_cMaurice Barrès ; illustrations de L. Dunki.
260 _aParís :
_bE. Fasquelle,
_c1899.
300 _a88 p. :
_bil. ;
_c22 cm.
700 1 _aDunki, L.
_946045
852 _aES-MaACL
_jT-1070-F-1
999 _c29710
_d29710